logo

Bir Sreshtho Munshi Abdur Rouf Library
Jhenaidah Cadet College

Essential French / (Record no. 12315)

MARC details
000 -LEADER
fixed length control field 00991nam a2200325 a 4500
001 - CONTROL NUMBER
JCCL Control Number 12315
003 - CONTROL NUMBER IDENTIFIER
JCCL marc code BD-JhCC
005 - DATE AND TIME OF LATEST TRANSACTION
control field 20220606134024.0
008 - FIXED-LENGTH DATA ELEMENTS--GENERAL INFORMATION
fixed length control field 210407s2011 nyu 000 0 eng
020 ## - INTERNATIONAL STANDARD BOOK NUMBER
International Standard Book Number 9780307478429
020 ## - INTERNATIONAL STANDARD BOOK NUMBER
International Standard Book Number 9780307971531 (pbk.)
020 ## - INTERNATIONAL STANDARD BOOK NUMBER
International Standard Book Number 0307971538 (pbk.)
035 ## - SYSTEM CONTROL NUMBER
system control number (BD-JhCC)12315
040 ## - CATALOGING SOURCE
Original cataloging agency DLC
Transcribing agency DLC
Modifying agency BD-JhCC
041 0# - LANGUAGE CODE
Language code of Book eng
-- fre
050 00 - LIBRARY OF CONGRESS CALL NUMBER
Classification number PC2129.E5
Item number E75 2010
082 00 - DEWEY DECIMAL CLASSIFICATION NUMBER
Classification number 448.2/421
DDC Edition number 23
Author mark and Year ESS 2010
245 00 - TITLE STATEMENT
Title Essential French /
Statement of responsibility, etc edited by Shaina Malkin and Christine Boucher.
250 ## - EDITION STATEMENT
Edition statement 1st ed.
260 ## - PUBLICATION, DISTRIBUTION, ETC. (IMPRINT)
Name of publisher, distributor, etc Living Language,
Place of publication, distribution, etc New York :
Date of publication, distribution, etc 2010.
300 ## - PHYSICAL DESCRIPTION
Pagination 271 p. :
Other physical details ill. ;
Dimensions 23 cm.
650 #0 - SUBJECT ADDED ENTRY--TOPICAL TERM
Topical term or geographic name as entry element French language
Form subdivision Textbooks for foreign speakers
General subdivision English.
650 #0 - SUBJECT ADDED ENTRY--TOPICAL TERM
Topical term or geographic name as entry element French language
General subdivision Grammar.
650 #0 - SUBJECT ADDED ENTRY--TOPICAL TERM
Topical term or geographic name as entry element French language
General subdivision Spoken French.
650 #0 - SUBJECT ADDED ENTRY--TOPICAL TERM
Topical term or geographic name as entry element French language
Form subdivision Self-instruction.
700 1# - ADDED ENTRY--PERSONAL NAME
Personal name Malkin, Shaina.
700 1# - ADDED ENTRY--PERSONAL NAME
Personal name Boucher, Christine.
830 #0 - SERIES ADDED ENTRY--UNIFORM TITLE
Uniform title Living language series
942 ## - ADDED ENTRY ELEMENTS (KOHA)
Source of classification or shelving scheme Dewey Decimal Classification
Koha item type Books
Koha issues (borrowed), all copies 1
Holdings
Source of classification or shelving scheme Damaged status Not for loan Home library Current library Shelving location Date of accession Total Checkouts Full call number Barcode Date last seen Date checked out Copy number Koha item type
Dewey Decimal Classification     JCC Rouf Library JCC Rouf Library General Stacks 04/03/2021 1 448.2/421 ESS 2010 17023 06/06/2022 06/06/2022 C-1 Books

JCC Library | Contacts | JCC Home

Last Update on 23 September 2017
Copyright @ 2017-2020 JCC Rouf Library
Rouf Library, Jhenidah Cadet College (JCC), Bangladesh